Statystyki dla Kraje według stanów krytycznych na koronawirusa

Kliknij tutaj aby rozwiązać quiz!

Ogólne statystyki

  • Ten quiz został rozwiązany 120 razy
  • Średni wynik to 10 z 23

Statystyki odpowiedzi

Liczba osób o stanie krytycznymKraj% Poprawnych
5,48 tysChiny
100%
462Włochy
95%
23Francja
86%
9Niemcy
85%
9Hiszpania
79%
36Korea Południowa
71%
28Japonia
69%
1Kanada
53%
8Stany
50%
1Australia
45%
1Holandia
39%
1Belgia
38%
1Tajlandia
35%
1Austria
33%
1Grecja
33%
1Filipiny
25%
9Singapur
23%
4San Marino
12%
1Maroko
9%
1Ekwador
6%
1Gruzja
4%
2Zjednoczone Emiraty
4%
1Liban
3%

Rozkład punktacji

Percentyl według liczby udzielonych odpowiedzi

Procent ludzi z każdym wynikiem

Twoja historia wyników

Nie rozwiązałeś tego quizu